LEADER 00834cam0 22002531 450 001 SOBE00020591 005 20150521083505.0 100 $a20111212d1968 |||||ita|0103 ba 101 $aeng 102 $aIT 200 1 $aEnglish Life and Customs$ewith an Appendix on the United States$fElio Chinol e Thomas Frank 210 $aNapoli$cLiguori$d1968 215 $a146 p.$d22 cm 700 1$aChinol$b, Elio$3A600200031255$4070$036264 701 1$aFrank, Thomas$3AF00013654$4070$0361440 801 0$aIT$bUNISOB$c20150521$gRICA 850 $aUNISOB 852 $aUNISOB$j820$m87835 912 $aSOBE00020591 940 $aM 102 Monografia moderna SBN 941 $aM 957 $a820$b001647$gSI$d87835$1rovito$2UNISOB$3UNISOB$420111212140318.0$520111212140335.0$6rovito 996 $aEnglish life and customs$91203915 997 $aUNISOB LEADER 02099nam 2200541Ia 450 001 9910697081303321 005 20230902162301.0 035 $a(CKB)5470000002384086 035 $a(OCoLC)681935770 035 $a(EXLCZ)995470000002384086 100 $a20101118d2009 ua 0 101 0 $aeng 135 $aurbn||||||||| 181 $ctxt$2rdacontent 182 $cc$2rdamedia 183 $acr$2rdacarrier 200 00$aOrion Service Module Reaction Control System plume impingement analysis using PLIMP/RAMP2$b[electronic resource] /$fXiao-Yen J. Wang ... [and others] ; prepared for the 47th AIAA Aerospace Sciences Meeting and Exhibit sponsored by the American Institute of Aeronautics and Astronautics, Orlando, Florida, January 5-8, 2009 210 1$aCleveland, Ohio :$cNational Aeronautics and Space Administration, Glenn Research Center,$d[2009] 215 $a1 online resource (8 pages) $cillustrations 225 1 $aNASA TM- ;$v2009-215601 300 $aTitle from title screen (viewed on Nov. 18, 2010). 300 $a"March 2009." 300 $a"AIAA-2009-0834." 320 $aIncludes bibliographical references (page 8) 410 0$aNASA technical memorandum ;$v215601. 606 $aAvionics$2nasat 606 $aComputational fluid dynamics$2nasat 606 $aImpingement$2nasat 606 $aPlumes$2nasat 606 $aReaction control$2nasat 606 $aService Module (ISS)$2nasat 606 $aCrew Exploration Vehicle$2nasat 615 7$aAvionics. 615 7$aComputational fluid dynamics. 615 7$aImpingement. 615 7$aPlumes. 615 7$aReaction control. 615 7$aService Module (ISS) 615 7$aCrew Exploration Vehicle. 701 $aWang$b Xiao-Yen J$01396769 712 02$aNASA Glenn Research Center. 712 12$aAIAA Aerospace Sciences Meeting$d(47th :$f2009 :$eOrlando, Fla.) 801 0$bGPO 801 1$bGPO 906 $aBOOK 912 $a9910697081303321 996 $aOrion Service Module Reaction Control System plume impingement analysis using PLIMP$93457413 997 $aUNINA